000 00866nam a22002297a 4500
999 _c65304
_d65304
005 20240530110817.0
008 190703s2019 ua g 000 0 ara d
017 _a2017/16475
_bمصر. دار الكتب
020 _a9789777358729
040 _aEG-CaGPL
_cEG-CaGPL
082 0 4 _221
_a121.8 /
_bر د
245 0 0 _aدراسات فى فلسفة القيم :
_b( شيلدون - بيرى - اربان - فيشر - شنايدر ) /
_cترجمة رمضان الصباغ
250 _aط.1
260 _aالاسكندرية :
_bدار الوفاء لدنيا الطباعة و النشر،
_c2019.
300 _a331 ص. ؛
_c24 سم.
650 0 7 _2qrmak
_aفلسفة ارسطو
650 0 7 _2qrmak
_aالقيم
_xفلسفة
651 _2qrmak
700 0 _aرمضان الصباغ
_eمترجم
942 _2ddc
_cBK